Riconosci la Squadra di calcio - Quiz n°50 - Statistics

Statistiche generali
  • Questo quiz è stato fatto 9 volte
  • Il punteggio medio è 9 su 10
Statistiche sulle risposte
Indizio Risposta % Corretto
Titoli nazionali 4 campionati di Serie B
100%
Colori sociali Bianco, azzurro
100%
Simboli Leone
100%
Divisione nazionale 2023-2024 Seconda
100%
Trofei internazionali 0
86%
Trofei nazionali 1 Coppa dell'Amicizia 1 Coppa Anglo-Italiana
86%
Fondazione 1911
71%
Capienza Stadio 19 550 posti
71%
Squadra Brescia
71%
Confederazione UEFA
71%
Nessun quiz corrispondente trovato
Distribuzione punteggi
Percentuale di utenti per punteggio
Percentile per numero di risposta
I tuoi punteggi nel tempo
Non hai fatto questo quiz